Lord of the Mysteries Character by Iconic Quote - Statistics

General Stats
  • This quiz has been taken 65 times
  • The average score is 12 of 17
Answer Stats
Hint Answer % Correct
"The taste of a demoness ain't bad." Roselle Gustav
98%
"I won’t lose too much, just myself. There are always some things that are more important than others." Klein Moretti
96%
"We saved Tingen." Dunn Smith
92%
"I'm just a dog." Susie
90%
"Great master, are you afraid?" Arrodes
82%
"Are you really not considering becoming my Blessed?" Amon
78%
"Do as you wish, but do no harm." Old Neil
72%
"Can you accept that?" Adam
70%
"I have never betrayed the City of Silver." Elder Lovia
70%
"This way, the milk cows don’t have to suffer any torture. This way, it becomes fairer for men and women to bring up their children. It will be beneficial for women to head out for work..." Frank Lee
70%
"There are many special people in this world that can always do things others can’t, such as you... and me. Leonard Mitchell
70%
"Dogshit!" Danitz
64%
"From the beginning, you were a guardian. You mimicked others until you were mimicked by others." Azik Eggers
58%
"Go. Open that door. I want to see what the sunlight outside is like." Colin Iliad
58%
"Don’t you know I have a severe case of procrastination?" Fors Wall
56%
"I'll be able to live a long lifespan. Only then can I lord over people and lead a large-scale organization. I'll wield authority over the world!" Alger Wilson
28%
"Dying, he knew not his executor. Surviving, he knew not his circumstances." Audrey Hall
24%
No matching quizzes found
Score Distribution
Percent of People with Each Score
Percentile by Number Answered
Your Score History
You have not taken this quiz